Loading...
| Fine Arts - Auditory Fine Arts | 5 | 3 | 1 | 0 | 100 | 16 | 54.38 | 4 | 7 |
| Science - Physics | 2 | 4 | 1 | 0 | 65 | 62 | 86.50 | 1 | 2 |
| Science - Chemistry | 1 | 5 | 2 | 1 | 55 | 53 | 81.67 | 2 | 6 |
| Literature - American Literature | 2 | 2 | 1 | 0 | 45 | 51 | 76.75 | 2 | 2 |
| Literature - European Literature | 1 | 3 | 0 | 0 | 45 | 64 | 79.00 | 0 | 4 |
| Literature - World Literature | 2 | 1 | 0 | 0 | 40 | 51 | 67.67 | 2 | 3 |
| Literature - British Literature | 2 | 1 | 1 | 0 | 35 | 24 | 59.33 | 2 | 3 |
| Fine Arts - Other Fine Arts | 0 | 3 | 1 | 1 | 25 | 84 | 115.33 | 0 | 2 |
| Philosophy | 1 | 1 | 0 | 0 | 25 | 56 | 75.00 | 1 | 2 |
| Science - Other Science | 0 | 3 | 2 | 2 | 20 | 79 | 113.67 | 1 | 1 |
| Science - Biology | 0 | 2 | 1 | 0 | 15 | 62 | 79.00 | 0 | 1 |
| Religion | 0 | 1 | 0 | 0 | 10 | 118 | 118.00 | 0 | 1 |
| History - Other History | 0 | 1 | 0 | 0 | 10 | 88 | 88.00 | 0 | 0 |
| History - European History | 0 | 1 | 0 | 1 | 10 | 137 | 137.00 | 0 | 0 |